Modèles Mercedes Benz - Statistiques

Statistiques générales
  • Ce quiz a été pris 180 fois
  • Le résultat moyen est 7 sur 16
Statistiques - réponses
Par images Réponse % Correct
Classe A
98%
Classe B
95%
Classe C
86%
CLA
79%
Classe E
79%
Classe G
66%
Classe S
52%
GLE
46%
Classe V
37%
Classe S MAYBACH
33%
GLS MAYBACH
21%
AMG GT 4 portes
7%
AMG GT coupé
6%
AMG SL
5%
CLE coupé
4%
EQS beline
0%
Aucun quiz correspondant
Distribution des résultats
% des personnes avec chaque résultat
Percentile par nombre de réponses
Votre historique - résultats
Vous n’avez pas pris ce quiz